000 01307nac a22004217a 4500
001 BR0600850
003 BR-BrBNA
005 20240105123257.0
008 230509b bl.|||m| |||| 00| 0 por d
040 _aBR-BrBNA
_bpor
_cBiblioteca Nacional de Agricultura
072 _aF30
090 _a1120 BR0600850
100 1 _aPinto, A.C. de Q.
100 1 _aBraga, M.F.
100 1 _aJunqueira, N.T.V.
100 1 _aRamos, V.H.V.
100 1 _aFaleiro, F.G.
100 1 _aAndrade, S.R.M. de
100 1 _aCordeiro, M.X.R.
100 1 _aDias, J.N.
100 1 _aLage, D.A. da C.
110 1 _aEMBRAPA Cerrados, Planaltina, DF (Brasil)
245 1 _aPrograma de melhoramento genético de manga e a nova cultivar BRS Ômega para o Cerrado brasileiro
260 3 _aPlanaltina, DF (Brasil):
_c2005.
300 _a8 p.
490 _aComunicado Técnico - EMBRAPA Cerrados (Brazil)
_vno. 117
_xISSN 1517-1469
500 _aSummary (En); 17 ref. 5 tables
650 _aMANGA
650 _aMELHORAMENTO GENÉTICO VEGETAL
650 _aVARIEDADE
650 _aCARACTERÍSTICAS AGRONÔMICAS
650 _aCONDIÇÃO AMBIENTAL
650 _aPOLPA
650 _aANÁLISE ESTATÍSTICA
650 _aRENDIMENTO
909 _a202312
_bLúcia Elande
_c55
_dLúcia Elande
942 _2AGRIS
_n0
_cMS
999 _c294742
_d294742